000 00629nmm a2200193Ia 4500
008 251105s9999||||xx |||||||||||||||||und||
020 _a9788490640760
041 _aspa
100 _aNúñez Carballosa, Ana
245 0 _aDirección de operaciones :
_b Decisiones tácticas y estratégicas
264 _a[Madrid, España] :
_bUniversitat Oberta de Catalunya,
_c2014
300 _a622 páginas
650 _aEconomics and Business
700 _aNúñez Carballosa, Ana
700 1 _a Guitart Tarrés, Laura
700 1 _a Baraza Sánchez, Xavier
856 _uhttps://public.digitaliapublishing.com/a/30102
942 _cCF
999 _c69428
_d69428